000 00638nam a2200241Ia 4500
003 OSt
005 20221005133235.0
006 a|||||r|||| 00| 0
007 ta
008 221004b |||||||| |||| 00| 0 eng d
024 _a43438
037 _cTextual
040 _aCRL
_cCRL
_beng
041 _2eng
_aeng
082 _aO111,1M19:g, K1-;2
100 _aChase Richard
245 0 _aWalt Whitman
260 _c1961
490 _aUniversity of Minnetosa, pamphlets on American writers; 9
650 _aENGLISH LITERATURE
942 _hO111,1M19:g, K1-;2
_cTEXL
_2cc
999 _c1066224
_d1066224